Self-Adaptive access control & delegation in cloud computing (Record no. 13701)

000 -LEADER
fixed length control field 00480nam a22001337a 4500
082 ## - DEWEY DECIMAL CLASSIFICATION NUMBER
Classification number MSIT-6 AHM
100 ## - MAIN ENTRY--PERSONAL NAME
Personal name Ali Ahmad Malik
9 (RLIN) 98544
245 ## - TITLE STATEMENT
Title Self-Adaptive access control & delegation in cloud computing
260 ## - PUBLICATION, DISTRIBUTION, ETC.
Place of publication, distribution, etc. Islamabad
Name of publisher, distributor, etc. NUST-SEECS
Date of publication, distribution, etc. 2016
300 ## - PHYSICAL DESCRIPTION
Extent 71p.
Other physical details 27cm.
Accompanying material CD Includes
500 ## - GENERAL NOTE
General note Supervisors: Dr. Shahzad Saleem, Ms. Hirra Anwar, Mr. Ubaid ur Rehman, Ms. Ayesha Kanwal
856 ## - ELECTRONIC LOCATION AND ACCESS
Uniform Resource Identifier <a href="http://10.250.8.41:8080/xmlui/handle/123456789/6608">http://10.250.8.41:8080/xmlui/handle/123456789/6608</a>
942 ## - ADDED ENTRY ELEMENTS (KOHA)
Koha item type Project Report
Source of classification or shelving scheme
Holdings
Withdrawn status Lost status Damaged status Not for loan Collection code Permanent Location Current Location Shelving location Date acquired Source of acquisition Total Checkouts Full call number Barcode Date last seen Price effective from Koha item type Source of classification or shelving scheme
          Central Library (CL) Central Library (CL) General Stacks 07/27/2016 NUST-SEECS   MSIT-6 AHM SEECSP01826 07/27/2016 07/27/2016 Project Report  
          Central Library (CL) Central Library (CL) Thesis 11/08/2019     005MSIT-6 AHM CL-T-4027 11/08/2019 11/08/2019 Thesis  
          Central Library (CL) Central Library (CL) Thesis 01/04/2020     004 MSIT-6 AHM CL-T-4447 01/04/2020 01/04/2020 Thesis  
© 2023 Central Library, National University of Sciences and Technology. All Rights Reserved.